| 000 | 01105nam0a22002771 4500 | ||
|---|---|---|---|
| 001 | rc\2380600 | ||
| 005 | 20260405140746.0 | ||
| 035 | _a(NLR Aleph) 006661686 | ||
| 090 |
_a4901263 _c4901263 |
||
| 100 | _a20110829d1978 |||y0rusy50 ca | ||
| 101 | 1 |
_arus _chun |
|
| 102 | _aRU | ||
| 105 | _ay z |||a| | ||
| 200 | 1 |
_aТайна "Дома утят" _eПьеса для театров кукол в 2-х д. _fПер. с венг. Сергея Вольского _gОтв. ред. В. Шеховцев _gБюро распространения драм. произведений и информ.-рекл. материалов ВААП |
|
| 210 |
_aМосква _cБ. и. _d1978 |
||
| 215 |
_a50 л. _d28 |
||
| 700 | 1 |
_7ca _8rus _aУрбан _bД. _f1938- _gДюла _9179138 _3RU\NLR\AUTH\770179189 |
|
| 702 | 1 |
_aШеховцев _bВ. _4340 |
|
| 702 | 1 |
_4730 _8rus _7ca _aВольский _bС. _f1945- _gСергей _3RU\NLR\AUTH\7756932 _939864 |
|
| 801 | 0 |
_aRU _bNLR _gpsbo |
|
| 801 | 1 |
_aRU _bELAR _2rusmarc |
|
| 852 |
_aNLR _j78-8/600 |
||
| 899 |
_aRuMoRGB _jM 78-9/197 |
||
| 942 | _cBOOK | ||
| 980 | _aNB | ||